| 000 | 00797nam a22002177a 4500 | ||
|---|---|---|---|
| 005 | 20250501122725.0 | ||
| 008 | 250501b |||||||| |||| 00| 0 eng d | ||
| 037 | _cREF | ||
| 040 |
_aAL _cAL |
||
| 041 |
_2Pun _aPun |
||
| 084 |
_aUk 153Q3 _qAL |
||
| 100 |
_aਢਿੱਲੋਂ, ਸ. ਸ. _9753659 |
||
| 245 | _aਜੁਗਰਾਫ਼ੀਏ ਦਾ ਵਿਸ਼-ਕੋਸ਼ | ||
| 260 |
_aਪਟਿਆਲਾ, ਭਾਰਤ: _bਪਬਲੀਕੇਸ਼ਨ ਬੀਊਰੋ, _c2013. |
||
| 300 | _a960ਪ. | ||
| 365 |
_b 1050.00 _cINR |
||
| 650 |
_aਜਿਯੋਗਰਾਫੀ _9753660 |
||
| 650 |
_aਕੋਸ਼ _9753371 |
||
| 942 |
_2CC _cTB _hUk 153Q3 _n0 |
||
| 999 |
_c1309881 _d1309881 |
||